| 000 | 00900nam a2200265 i 4500 | ||
|---|---|---|---|
| 001 | 178166 | ||
| 003 | ES-MaACL | ||
| 005 | 20250526201158.0 | ||
| 007 | t| | ||
| 008 | 110520s2010 sp o r ||||1| spa d | ||
| 080 | _a338.1(100) | ||
| 080 | _a338.124.4 | ||
| 100 | 0 |
_aRamonet, Ignacio, _d1943- _995237 |
|
| 245 | 1 | 3 |
_aLa catástrofe perfecta : _bcrisis del siglo y refundación del porvenir / _cIgnacio Ramonet ; [traducción, Gabriela Villalba]. |
| 260 |
_a[Madrid] : _bDiario Público, _c[2010] |
||
| 300 |
_a128 p. : _bil. ; _c18 cm. |
||
| 490 | 1 | _aBiblioteca pensamiento crítico | |
| 504 | _aBibliografía: p. 125-126. | ||
| 650 | 0 |
_aCrisis económicas- 2008 _9236570 |
|
| 650 | 0 | 4 |
_aCiclos económicos. _910923 |
| 700 | 1 |
_aVillalba, Gabriela. _9146636 |
|
| 830 | 1 |
_aBiblioteca pensamiento crítico _9189844 |
|
| 852 |
_aES-MaACL _jE-15180 |
||
| 999 |
_c178166 _d178166 |
||